00518nam a2200193 a 4500001001300000003000900013005001700022008004100039020002300080082001300103100002400116245003400140260004500174300000900219500003500228505002400263650001300287700002400300nice12345678IN_TiNIC20260116013328.0050524s1995 dela grp 000 0 eng  a8185574 c30000a190bNJA aNjarakunnel, George aLove, Liberty and the New Man aDelhibIntercultural Publications c1995 a334p aincludes index and biblioraphy2 aBibliography, Index aHumanism1 aNjarakunnel, George